000 01129nam a2200265Ia 4500
003 OSt
005 20220923210937.0
006 a|||||r|||| 00| 0
007 ta
008 220922b |||||||| |||| 00| 0 hin d
020 _a8121406919 (hbk)
_c500
024 _a289,987
037 _b381, 11/03/2016, Eastern Book Linkers
_cTextual
040 _aARTS
_cARTS
_bhin
041 _2hin
_ahin
082 _aO152,1I00x, Q1
100 _aउपाध्याय, श्रीकांत, संपा.
_9156442
245 0 _aबागे अनहद तूर
_b कबीर के उत्कृष्ट पद एवं साखियां
246 _aBāge anahad tūra: kabīr ke utkṛuṣhṭa pad evan sākhiyāan
260 _aनयी दिल्ली
_b नेशनल पब्लिशिंग हाउस
_c2011
300 _a336पृ.
_ccm.
650 _aहिन्दी साहित्य
_9156264
942 _hO152,1I00x, Q1
_cTEXL
_2CC
999 _c293097
_d293097